Regionálna politika v Poľsku
Vybrané otázky regionálnej politiky v Poľsku. Realizácia princípov štátnej regionálnej politiky po roku 1989.
Guardado en:
| Autor principal: | |
|---|---|
| Otros Autores: | |
| Formato: | Capítulo de libro |
| Lenguaje: | eslovaco |
| Materias: | |
| Etiquetas: |
Sin Etiquetas, Sea el primero en etiquetar este registro!
|
MARC
| LEADER | 00000naa a2200000 4500 | ||
|---|---|---|---|
| 001 | r026346 | ||
| 005 | 20230825080138.3 | ||
| 041 | 0 | |a slo | |
| 044 | |a SK | ||
| 245 | 1 | 0 | |a Regionálna politika v Poľsku |c Jozef Búšik, Monika Čemanová |
| 520 | |a Vybrané otázky regionálnej politiky v Poľsku. Realizácia princípov štátnej regionálnej politiky po roku 1989. | ||
| 610 | 2 | 0 | |a politika regionálna |
| 610 | 2 | 0 | |a Poľsko |
| 610 | 2 | 0 | |a orgány štátne |
| 610 | 2 | 0 | |a rozvoj sociálno-ekonomický |
| 610 | 2 | 0 | |a regióny |
| 610 | 2 | 0 | |a 1989-1997 |
| 100 | 1 | |a Búšik, Jozef | |
| 700 | 1 | |a Čemanová, Monika | |